000 00399nam a22001457a 4500
005 20200613142510.0
008 200613b xxu||||| |||| 00| 0 eng d
082 _a345.4 AIR
110 _aALL INDIA REPORTER,
_96085
245 _aALL INDIA REPORTER, [1983] [VOL-70] RAJASTHAN SECTION
260 _aMUMBAI
_bALL INDIA REPORTER, PVT. LTD.
300 _a32; p
650 _aLAW
_95701
942 _cJRL
999 _c7143
_d7141